|
|
|
|
| LEADER |
00000nam2a2200000 4500 |
| 001 |
35374 |
| 005 |
20231030233606.0 |
| 010 |
|
|
|a 5060007448
|
| 035 |
|
|
|a (RuTPU)RU\TPU\book\35805
|
| 035 |
|
|
|a BOOK00002457
|
| 090 |
|
|
|a 35374
|
| 100 |
|
|
|a 20011210d1990 km y0rusy50 ca
|
| 101 |
0 |
|
|a rus
|
| 102 |
|
|
|a RU
|
| 105 |
|
|
|a y z 000zy
|
| 200 |
0 |
|
|a Кн. 7 : Графические системы САПР
|f В. Е. Климов
|
| 210 |
|
|
|d 1990
|
| 215 |
|
|
|a 141 с.
|
| 461 |
|
1 |
|0 (RuTPU)RU\TPU\book\261112
|t Разработка САПР
|o в 10 кн.
|f под ред. А. В. Петрова
|v Кн. 7 : Графические системы САПР
|d 1990-1991
|
| 610 |
1 |
|
|a автоматизированные системы
|
| 610 |
1 |
|
|a проектирование
|
| 610 |
1 |
|
|a графические системы
|
| 610 |
1 |
|
|a моделирование
|
| 610 |
1 |
|
|a машинная графика
|
| 610 |
1 |
|
|a геометрические модели
|
| 610 |
1 |
|
|a графические системы
|
| 610 |
1 |
|
|a диалоговые системы
|
| 610 |
1 |
|
|a интерактивные системы
|
| 675 |
|
|
|a 658.512.2
|v 3
|
| 700 |
|
1 |
|a Климов
|b В. Е.
|
| 801 |
|
0 |
|a RU
|b 63413507
|c 20011210
|g PSBO
|
| 801 |
|
2 |
|a RU
|b 63413507
|c 20170420
|g PSBO
|
| 900 |
|
|
|a Основы технологии программирования
|
| 900 |
|
|
|a Использование САПР в инженерных задачах
|
| 942 |
|
|
|c BK
|